[Event "London Classic op U1600 11th"]
[Site "London"]
[Date "2019.11.30"]
[Round "2"]
[White "Jung, Yunyeong"]
[Black "K H, Srikanta Prasad"]
[Result "1/2-1/2"]
[WhiteElo "1044"]
[BlackElo "1352"]
[PlyCount "112"]
[EventDate "2019.11.29"]
[EventType "swiss"]
[EventRounds "5"]
[EventCountry "ENG"]
[SourceTitle "CBM 195 Extra"]
[Source "ChessBase"]
[SourceDate "2020.05.31"]
[SourceVersion "1"]
[SourceVersionDate "2020.05.31"]
[SourceQuality "1"]

1. e4 e5 2. Nf3 Nc6 3. Bc4 h6 4. Nc3 Nf6 5. d3 Be7 6. 0-0 0-0 7. Be3 d6 8. h3 Nh7 9. Nh2 Bg5 10. f4 Bh4 11. Rf3 Nd4 12. Bxd4 exd4 13. Ne2 c5 14. c3 dxc3 15. Nxc3 Be6 16. Bb3 a6 17. Re3 b5 18. Bd5 Rb8 19. Qh5 Be7 20. Bxe6 fxe6 21. Rg3 Qe8 22. Qxh6 Qf7 23. Rf1 Qf6 24. Qh5 Qh4 25. Qg6 Qf6 26. f5 Qxg6 27. Rxg6 exf5 28. exf5 Bf6 29. Ng4 Bxc3 30. bxc3 Nf6 31. Re1 Nxg4 32. Rxg4 Rxf5 33. Re7 Rf7 34. Re6 Rd7 35. h4 Rf8 36. h5 Kh7 37. Rgg6 Rff7 38. h6 a5 39. hxg7 Rxg7 40. Rh6+ Kg8 41. Rxd6 Rde7 42. d4 cxd4 43. Rxd4 Re1+ 44. Kh2 Re2 45. Rd8+ Kf7 46. Rd7+ Kg8 47. Rxg7+ Kxg7 48. Rb6 Rxa2 49. Rxb5 a4 50. Ra5 Rc2 51. Rxa4 Rxc3 52. g4 Kg6 53. Ra5 Rb3 54. g5 Rf3 55. Kg2 Rf5 56. Ra6+ Kxg5 1/2-1/2